| 000 | 00635nam a2200241 a 4500 | ||
|---|---|---|---|
| 999 |
_c4977 _d4977 |
||
| 001 | 4977 | ||
| 003 | BD-JhCC | ||
| 005 | 20171206105935.0 | ||
| 008 | 900822s1990 enk | |||| ||eng| | ||
| 020 | _a0749702974 | ||
| 029 | _aR9031 | ||
| 035 | _a(BD-JhCC)4977 | ||
| 040 |
_aBD-JhCC _dBD-JhCC |
||
| 041 | _aeng | ||
| 082 |
_a823.01089282 _bSTR 1990 |
||
| 245 | 0 | 0 |
_aStreets ahead : _btales of city life / _cedited by Valerie Bierman. |
| 260 |
_aLondon : _bMammoth, _c1990, c1989. |
||
| 300 |
_a155p ; _c18cm. |
||
| 500 | _aCover title. | ||
| 650 | _aChildren's stories, English | ||
| 700 | 1 | _aBierman, Valerie. | |
| 942 |
_2ddc _cBK |
||